000 00479nam a22001937a 4500
003 OSt
005 20140310182843.0
008 130610t xxu||||| |||| 00| 0 eng d
050 _aDA 679
_b.L847 1987
082 _aM 942
_bB45 1987
245 _aBerlitz : London
260 _aSwitzerland :
_bMacmillan Company,
_cc1987
300 _a133 p. :
_c14 cm.
521 _acollege students
526 _c1210L-1700L
541 _j1
562 _e1
942 _2lcc
_cBK
_kM
999 _c16888
_d16888